Normal view
MARC view
- Fubha Manal Burney, Talal Ibrahim
Entry Personal Name
001 - CONTROL NUMBER
- control field: 93202
003 - CONTROL NUMBER IDENTIFIER
- control field: NUST
005 - DATE AND TIME OF LATEST TRANSACTION
- control field: 20220706113012.0
008 - FIXED-LENGTH DATA ELEMENTS
- fixed length control field: 220706|| aca||aabn | a|a d
040 ## - CATALOGING SOURCE
- Original cataloging agency: NUST
- Transcribing agency: NUST
100 ## - HEADING--PERSONAL NAME
- Personal name: Fubha Manal Burney, Talal Ibrahim
670 ## - SOURCE DATA FOUND
- Source citation: Work cat.: (NUST)13327: Bilal Ahmad, 93201, Retino CAD- Decision support system for early detection of proliferative diabetic retinopathy, 2015
